El legado de Roma

Sparad:
Bibliografiska uppgifter
Huvudupphovsman: Bailey, Cyril (Författare, medförfattare)
Materialtyp: Bok
Språk:spanska
Publicerad: Madrid Pegaso 1947
Upplaga:2a. ed
Ämnen:
Taggar: Lägg till en tagg
Inga taggar, Lägg till första taggen!

MARC

LEADER 00000nam a2200000 a 4500
001 UCP9038
003 CL-VaPUC
008 000317e19470000SP |||||||||||||||||spa|d
082 0 4 |a 937  |b BAI  |2 21 
100 0 |a Bailey, Cyril  |e author  |9 439351 
245 1 3 |a El legado de Roma 
250 |a 2a. ed 
300 |a 677 p 
942 |c BK 
945 |d 20000317 00:00:00  |a rherrera 
260 |a Madrid  |b Pegaso  |c 1947 
500 |a Donación Padres Capuchinos 
650 0 |a Historia antigua  |9 267521 
650 7 |a ROMA  |2 CL-VaPUC  |9 317375 
650 0 |a Civilización romana  |9 438909 
650 7 |a LEGADO  |2 CL-VaPUC  |9 439352 
650 7 |a RELIGION ROMANA  |2 CL-VaPUC  |9 439353 
650 0 |a Cultura y sociedad  |9 367502 
650 0 |a Filosofía romana   |9 344946 
650 0 |a Derecho Romano Historia  |9 257631 
650 0 |a Ciencias  |9 327866 
650 0 |a Literatura romana  |9 344825 
650 0 |a Arquitectura romana  |9 314422 
650 0 |a Agricultura  |9 255598 
583 |a last modification  |c 20000317 00:00:00  |k Rodrigo Vera 
999 |c 285891  |d 285889 
952 |0 0  |1 0  |4 0  |6 937_000000000000000_BAI_1947  |7 0  |8 X  |9 330748  |a BIBHIS  |b BIBHIS  |d 2019-11-20  |i 1395122  |o 937 BAI 1947  |p 1395122  |r 2024-01-30  |w 2019-11-20  |y BK_X  |k HIS 
952 |0 0  |1 0  |4 0  |6 937_000000000000000_BAI_1947  |7 0  |8 X  |9 330749  |a FDOBUD  |b FDOBUD  |d 2019-11-20  |i 4407342  |o 937 BAI 1947  |p 4407342  |r 2019-11-20  |w 2019-11-20  |y BK_X  |k BUD